| 000 | 00989cam a22002895i 4500 | ||
|---|---|---|---|
| 003 | EG-ScBUE | ||
| 005 | 20240131130053.0 | ||
| 008 | 090818s2024 ua f 0000 f ara d | ||
| 017 | _a2011 / 22858 | ||
| 020 | _a9789774880803 | ||
| 040 |
_aEG-ScBUE _bara _erda _cEG-ScBUE _dEG-ScBUE |
||
| 082 | 0 | 4 |
_a892.737 _bد و ا _222 |
| 100 | 1 |
_aدواخلي، محمد، _eمؤلف. |
|
| 245 | 1 | 0 |
_aمن حكايات الغول الأحمر الأخير : _bرواية / _cد. محمد الدواخلي. |
| 250 | _aالطبعة الأولى. | ||
| 264 | 1 |
_aالقاهرة : _bعصير الكتب للنشر والتوزيع، _c2024. |
|
| 300 |
_a390 صفحة ؛ _c20 سم |
||
| 336 |
_aنص _btxt _2rdacontent |
||
| 337 |
_aبدون وسيط _bn _2rdamedia |
||
| 338 |
_aمجلد _bnc _2rdacarrier |
||
| 541 | _aBook Fair 2024. | ||
| 650 | 7 |
_aالقصص العربية _yقرن 21. _2BUEsh |
|
| 651 | _2BUEsh | ||
| 653 |
_bARALIT _cJanuary2024 |
||
| 655 | _vReading book | ||
| 942 |
_2ddc _cBB |
||
| 999 |
_c30622 _d30593 |
||